Perception : A Multisensory Perspective /

Guardado en:
Bibliografiske detaljer
Hovedforfatter: Bruno, Nicola (autor)
Andre forfattere: Pavani, Francesco (autor) (autor)
Format: Bog
Sprog:engelsk
Udgivet: Oxford, Inglaterra : Oxford University, 2018, c2018
Fag:
Online adgang:Ver documento en línea
Tags: Tilføj Tag
Ingen Tags, Vær først til at tagge denne postø!

MARC

LEADER 00000nam^a2200000^a^4500
001 000411501
005 20251023000000.0
009 20260310122114.457
020 |a 978-0-19-103811-2 
037 |a Acervo ITESO - Biblioteca 
041 |a ING 
082 |a 153. 7  |b BRU 
100 |a Bruno, Nicola  |e (autor) 
245 1 0 |a Perception :  |b A Multisensory Perspective /  |c N. Bruno, F. Pavani. 
264 4 |a Oxford, Inglaterra :  |b Oxford University,  |c 2018, c2018 
264 2 |a Birmingham, EUA :  |b EBSCOhost [distribución],  |c 2018 
300 |a 1 libro electrónico en línea (XIV, 350 p.) 
300 |a 1 recurso en línea 
336 |a datos para computadora  |b cod  |2 rdacontenido 
337 |a computadora  |b c  |2 rdamedio 
338 |a recurso en línea  |b cr  |2 rdasoporte 
506 1 |a 1 licencia 
521 |a EEnlace Departamento de Psicología, Educación y Salud 2019 
649 |a XX 
650 |a Sentidos y Sensaciones 
650 |a Percepción -  |x Tema Principal 
650 |a Psicología Cognitiva 
650 |a Neuropsicología 
650 |a Neurociencias 
650 |a Psicología 
700 |a Pavani, Francesco  |e (autor) 
856 4 0 |u https://ezproxy.iteso.mx/login?url=https://search.ebscohost.com/login.aspx?direct=true&scope=site&db=nlebk&db=nlabk&AN=1857420  |y Ver documento en línea 
910 |a Fondo General 
920 |a Electrónicos - Libros en Línea 
930 |a Plataforma Digital 
905 |a 205 
901 |a 411501-1  |b IT2  |c EBO  |i C165279  |u 20250521 
902 |a https://opac.biblio.iteso.mx/vufind/Record/000411501